| 000 | 02741cam a2200541Ii 4500 | ||
|---|---|---|---|
| 001 | 1290896812 | ||
| 003 | OCoLC | ||
| 005 | 20240311212423.0 | ||
| 008 | 220105t20192019nyua a 000 1 eng d | ||
| 020 |
_a9780593111772 _q(paperback : Special Markets) |
||
| 020 |
_a059311177X _q(paperback : Special Markets) |
||
| 035 | _a(OCoLC)1290896812 | ||
| 040 |
_aYFL _beng _erda _cYFL _dOCLCO _dOCLCF _dOCLCO |
||
| 041 | 1 |
_aeng _aspa |
|
| 082 | 0 | 4 |
_a[E] _223 |
| 100 | 1 |
_aGodwin, Jane, _d1964- _0https://id.loc.gov/authorities/names/n2006081499 _eauthor. |
|
| 245 | 1 | 0 |
_aCasa del arbol, casa rojita, diminuta ratoncita marroncita/ _cpor Jane Godwin ; ilustrado por Blanca Gomez ; version rimada en espanol por Yanitzia Canetti = Red house, tree house, little bitty brown mouse / by Jane Godwin ; illustrated by Blanca Gomez. |
| 246 | 3 | _aRed house, tree house, little bitty brown mouse | |
| 250 | _aImagination Library edition. | ||
| 260 |
_aNew York : _bDial Books for Young Readers, _c[2019] |
||
| 264 | 1 |
_aNew York : _bDial Books for Young Readers, _c[2019] |
|
| 264 | 4 | _cc2019. | |
| 300 |
_a1 volume (unpaged) : _bcolor illustrations ; _c26 cm. |
||
| 336 |
_atext _btxt _2rdacontent. |
||
| 336 |
_astill image _2rdacontent. |
||
| 337 |
_aunmediated _bn _2rdamedia. |
||
| 338 |
_avolume _bnc _2rdacarrier. |
||
| 385 |
_nage _aChildren _2lcdgt. |
||
| 500 | _a"Dolly Parton's Imagination Library"--Cover. | ||
| 500 | _aBilingual text in English and Spanish. | ||
| 520 | _aIn this rhyming story, a young mouse makes her way around the world, introducing colors. | ||
| 650 | 0 |
_aColor _vJuvenile fiction. _0https://id.loc.gov/authorities/subjects/sh2009120706. |
|
| 650 | 0 |
_aMice _vJuvenile fiction. _0https://id.loc.gov/authorities/subjects/sh2008107739. |
|
| 655 | 7 |
_apicture books. _2aat _0(CStmoGRI)aatgf300026446. |
|
| 655 | 7 |
_aAnimal fiction. _2fast _0(OCoLC)fst01982492. |
|
| 655 | 7 |
_aFiction. _2fast _0(OCoLC)fst01423787. |
|
| 655 | 7 |
_aJuvenile works. _2fast _0(OCoLC)fst01411637. |
|
| 655 | 7 |
_aPicture books. _2fast _0(OCoLC)fst01726789. |
|
| 655 | 7 |
_aStories in rhyme. _2fast _0(OCoLC)fst01921738. |
|
| 655 | 7 |
_aStories in rhyme. _2lcgft _0https://id.loc.gov/authorities/genreForms/gf2014026559. |
|
| 655 | 7 |
_aAnimal fiction. _2lcgft _0https://id.loc.gov/authorities/genreForms/gf2017026034. |
|
| 655 | 7 |
_aPicture books. _2lcgft _0https://id.loc.gov/authorities/genreForms/gf2016026096. |
|
| 655 | 7 |
_aHistoires rimes. _2rvmgf _0(CaQQLa)RVMGF-000000567. |
|
| 655 | 7 |
_aLivres d'images. _2rvmgf _0(CaQQLa)RVMGF-000001578. |
|
| 700 | 1 |
_aCanetti, Yanitzia, _d1967- _0https://id.loc.gov/authorities/names/n95044499 _etranslator. |
|
| 700 | 1 |
_aGomez, Blanca, _d1978- _0https://id.loc.gov/authorities/names/n2014069838 _eillustrator. |
|
| 942 | _cBK | ||
| 999 |
_c29376 _d29374 |
||